| 000 | 00584nam a2200205Ii 4500 | ||
|---|---|---|---|
| 001 | 3004 | ||
| 003 | CO-ViMGA | ||
| 008 | 241108s9999||||xx |||||||||||||| ||und|| | ||
| 040 |
_aCO-ViMGA _bspa _erda _cCO-ViMGA |
||
| 041 | 0 | _aspa | |
| 082 | 0 | 4 | _a170 B86 |
| 100 | 1 |
_aJuan M. de Buck _949212 |
|
| 245 | 1 | 0 |
_aEse hijo vuestro...!: _bII casos difíciles |
| 264 | 1 | _aMadrid, España : Brouwer, 1962 | |
| 300 | _avolumen | ||
| 336 |
_atext _btxt _2rdacontent |
||
| 337 |
_aunmediated _bn _2rdamedia |
||
| 338 |
_avolume _bnc _2rdacarrier |
||
| 940 | _aidficha_siabuc: 2935. -- ficha_no_siabuc:3004 | ||
| 999 |
_c43855 _d43855 |
||